zpět

Detail výsledku týmu

Spirit Bar - Žižkov, Praha

Datum a čas kvízu

24.5 Celkem bodů Celkový počet nahraných bodů na tomto kvízu bez doplňovacích otázek.
10. Pořadí na kvízu Konečné umístění týmu na tomto kvízu.

Zaznamenané odpovědi

# Otázka Odpověď Body Výsledky
1. V pondělí se v pražské Kramářo... bývalí premiéři ČR (s doprovodem) 1
2. Vláda jednoho ostrovního státu... o Japonsku 1
3. Kterému českému umělci některá... Vítu Starému 1
4. Členové volební komise dostano... A 0
5. Hvězdný portugalský fotbalista... do Jihoafrické republiky (Jižní Afriky) 1
6. Podíváme se na pět kandidátů,... v Maroku 1
7. Ve které velké evropské zemi b... ve Francii 1
8. Které tvrzení o Marku Hilšerov... B 0
9. Které tři tituly má před a za... prof. Ing. Danuše Nerudová, Ph.D. 0
10. Petr Pavel zastával v letech 2... předseda vojenského výboru 0